000 00779nam a2200193Ii 4500
003 JO-AjNU
008 230605s9999||||xx |||||||||||||| ||und||
040 _aJO-AjNU
_bara
_erda
_cJO-AjNU
041 _aara
050 1 4 _aPJ6106.K487 1986
100 3 _aتاليف الخويسكي،زين كامل,
_eauthor
_918474
245 0 0 _aالجملة الفعلية منفية وإستفهامية ومؤكدة (دراسة تطبيقية على شعر المتنبي)
264 3 1 _aالاسكندرية: مؤسسة شباب الجامعة، 1986
300 _a149ص
336 _atext
_btxt
_2rdacontent
337 _aunmediated
_bn
_2rdamedia
338 _avolume
_bnc
_2rdacarrier
650 4 _aاللغة العربية-قواعد اللغة العربية-شعر المتنبي
_918475
999 _aA5915
_c9483
_d9483